HAZARDS AND SAFTY MANAGEMENT (Record no. 1221639)

MARC details
000 -LEADER
fixed length control field 00373nam a2200145Ia 4500
008 - FIXED-LENGTH DATA ELEMENTS--GENERAL INFORMATION
fixed length control field 260514s2025 xx 000 0 und d
041 ## - LANGUAGE CODE
Language code of text/sound track or separate title eng
082 ## - DEWEY DECIMAL CLASSIFICATION NUMBER
Item number M-3784
100 ## - MAIN ENTRY--PERSONAL NAME
Personal name SANDEEP PURKAR
245 ## - TITLE STATEMENT
Title HAZARDS AND SAFTY MANAGEMENT
260 ## - PUBLICATION, DISTRIBUTION, ETC.
Place of publication, distribution, etc. PUNE
Name of publisher, distributor, etc. EVEREST PUBLISHER HOUSE
Date of publication, distribution, etc. 2025
300 ## - PHYSICAL DESCRIPTION
Extent P.B/174
650 ## - SUBJECT ADDED ENTRY--TOPICAL TERM
Topical term or geographic name entry element QUALITY ASSURANCE
700 ## - ADDED ENTRY--PERSONAL NAME
Personal name HEMANT CHIKHALE
Holdings
Withdrawn status Lost status Damaged status Not for loan Home library Current library Date acquired Total Checkouts Full call number Barcode Date last seen Price effective from Koha item type
        College of Pharmacy, Kolhapur College of Pharmacy, Kolhapur 29/01/2026   M-3784 PCK-M-3784 14/05/2026 14/05/2026 Book